000 00225nam a22000857a 4500
008 170109b xxu||||| |||| 00| 0 eng d
100 _92282
_aSachdeva.C.B.
245 _aMicro and Macro Economics-XII
260 _aNew delhi
_bAPC
_c2011
999 _c5177
_d5177